书目信息 |
| 题名: |
Swallows and Amazons
|
|
| 作者: | 兰塞姆 著 | |
| 分册: | ||
| 出版信息: | 天津 天津人民出版社 2019.05 |
|
| 页数: | 328页 | |
| 开本: | 21cm | |
| 丛书名: | Holybird new classics | |
| 单 册: | ||
| 中图分类: | H319.4 | |
| 科图分类: | ||
| 主题词: | 英语--ying yu--语言读物 , 儿童小说--er tong xiao shuo--长篇小说--英国--现代 | |
| 电子资源: | ||
| ISBN: | 978-7-201-14641-6 | |
| 000 | 01264nam 2200289 450 | |
| 001 | 202019135111 | |
| 005 | 20191007123107.0 | |
| 010 | @a978-7-201-14641-6@dCNY28.80 | |
| 100 | @a20191003d2019 em y0chiy50 ba | |
| 101 | 0 | @aeng |
| 102 | @aCN@b120000 | |
| 105 | @aa z 000yy | |
| 106 | @ar | |
| 200 | 1 | @aSwallows and Amazons@fArthur Ransome@d= 燕子号与亚马逊号@f(英) 亚瑟·兰塞姆著@zchi |
| 205 | @a英文版 | |
| 210 | @a天津@c天津人民出版社@d2019.05 | |
| 215 | @a328页@c图@d21cm | |
| 225 | 2 | @aHolybird new classics |
| 330 | @a这是英国历史上最好的儿童小说之一, 基于真实的人物原型和事件而来, 探险地点都有据可考, 它以其活灵活现的人物形象和真实详细的探险过程在英国享有盛名, 让亚瑟·兰塞姆跻身于英国最好的儿童作家队伍中, 并于1936年获得英国卡内基文学大奖。它被翻译成多种语言, 传播到世界各地, 甚至改拍成电影, 在世界范围内有广泛而深远的影响。书中隽永的故事和优美的文笔, 以及书中所弘扬的真、善、美, 给读者带来深深的启迪。 | |
| 410 | 0 | @12001 @aHolybird new classics |
| 510 | 1 | @a燕子号与亚马逊号@zchi |
| 606 | 0 | @a英语@Aying yu@j语言读物 |
| 606 | 0 | @a儿童小说@Aer tong xiao shuo@x长篇小说@y英国@z现代 |
| 690 | @aH319.4@v5 | |
| 701 | 1 | @a兰塞姆@Alan sai mu@g(Ransome, Arthur)@4著 |
| 801 | 0 | @aCN@c20190905 |
| 905 | @a河南城建学院图书馆@dH319.4@eL037 | |
| Swallows and Amazons/Arthur Ransome= 燕子号与亚马逊号/(英) 亚瑟·兰塞姆著.-英文版.-天津:天津人民出版社,2019.05 |
| 328页:图;21cm.-(Holybird new classics) |
| ISBN 978-7-201-14641-6:CNY28.80 |
| 这是英国历史上最好的儿童小说之一, 基于真实的人物原型和事件而来, 探险地点都有据可考, 它以其活灵活现的人物形象和真实详细的探险过程在英国享有盛名, 让亚瑟·兰塞姆跻身于英国最好的儿童作家队伍中, 并于1936年获得英国卡内基文学大奖。它被翻译成多种语言, 传播到世界各地, 甚至改拍成电影, 在世界范围内有广泛而深远的影响。书中隽永的故事和优美的文笔, 以及书中所弘扬的真、善、美, 给读者带来深深的启迪。 |
| ● |
| 相关链接 |
|
|
|
正题名:Swallows and Amazons
索取号:H319.4/L037
 
预约/预借
| 序号 | 登录号 | 条形码 | 馆藏地/架位号 | 状态 | 备注 |
| 1 | 1443570 | 214435707 | 语言库209/209语言库 46排4列5层/ [索取号:H319.4/L037] | 在馆 | |
| 2 | 1443571 | 214435716 | 外国语学院资料室/209语言库 46排4列5层/ [索取号:H319.4/L037] | 在馆 |